Medagliere Sci di fondo ai Giochi Olimpici - Statistics

Statistiche generali
  • Questo quiz è stato fatto 27 volte
  • Il punteggio medio è 12 su 14
Statistiche sulle risposte
Medaglie complessive Medaglie d'Oro Medaglie d'Argento Medaglie di Bronzo Rappresentativa olimpica % Corretto
86 22 27 37 Finlandia
100%
36 9 14 13 Italia
100%
129 52 43 34 Norvegia
100%
84 32 27 25 Svezia
100%
8 0 3 5 Atleti Olimpici dalla Russia
96%
11 4 4 3 Comitato Olimpico Russo
96%
17 3 10 4 Germania
96%
33 14 10 9 Russia
96%
6 1 2 3 Austria
92%
8 4 0 4 Svizzera
88%
9 1 5 3 Repubblica Ceca
65%
9 3 2 4 Squadra Unificata
62%
68 25 22 21 Unione Sovietica
62%
7 4 2 1 Estonia
58%
Nessun quiz corrispondente trovato
Distribuzione punteggi
Percentuale di utenti per punteggio
Percentile per numero di risposta
I tuoi punteggi nel tempo
Non hai fatto questo quiz